| 000 | 00000nam##2200000za#4500 |
| 001 | 9.640222 |
| 003 | CaOODSP |
| 005 | 20250128101654 |
| 007 | cr ||||||||||| |
| 008 | 150407|2008||||xxc|||||o f|0| 0 fre|d |
| 040 | |aCaOODSP|bfre |
| 043 | |an-cn--- |
| 086 | 1 |aSF31-92/2-2-2008F-PDF |
| 110 | 1 |aCanada. |bBureau du Commissaire aux langues officielles. |
| 245 | 10|aLes indicateurs de vitalité des communautés de langue officielle en situation minoritaire 2 - trois communautés anglophones du Québec. La communauté anglophone des Cantons-de-l'Est |h[ressource électronique] |
| 260 | |aOttawa - Ontario : |bCommissariat aux langues officielles |cJuin 2008. |
| 300 | |a42p.|bfigures en couleur, tableaux |
| 500 | |aLe n° de catalogue (SF31-92/2-2-2008) et l'ISBN (978-0-662-05788-8) de l'édition imprimée bilingue ont été incorrectement copiés dans la version électronique. |
| 504 | |aBibliographie. |
| 590 | |a12-17-Supp|b2012-04-20 |
| 691 | 07|aMinorité linguistique|2gcpds |
| 775 | 08|tVitality indicators for official language minority communities 2 - Three English-speaking communities in Quebec. The English-speaking community of Eastern Townships |w(CaOODSP)9.696104 |
| 856 | 40|ahttp://publications.gc.ca|qPDF|s1.27 Mo|uhttps://publications.gc.ca/collections/collection_2012/clo-ocol/SF31-92-2-2-2008-fra.pdf |
| 986 | |aOCOL-CLO PP020-06-2008 |